The UK radon programme: a review of the response to the discovery of elevated levels in the built environment. (Record no. 60777)

MARC details
000 -LEADER
fixed length control field 00708cam a2200181 4500
001 - CONTROL NUMBER
control field ABS61099
008 - FIXED-LENGTH DATA ELEMENTS--GENERAL INFORMATION
fixed length control field 000000n1999 000 0 eng u
035 ## - SYSTEM CONTROL NUMBER
System control number (Sirsi) u101649
100 ## - MAIN ENTRY--PERSONAL NAME
Personal name Phillips, P.
245 #4 - TITLE STATEMENT
Title The UK radon programme: a review of the response to the discovery of elevated levels in the built environment.
260 ## - PUBLICATION, DISTRIBUTION, ETC.
Date of publication, distribution, etc. 1999
490 ## - SERIES STATEMENT
Series statement Environmental & Waste Management
Volume/sequential designation 2(3) 1999, 176-181(15)
520 ## - SUMMARY, ETC.
Summary, etc. Reviews the UK radon programme, which has been working to provide advice for domestic and industrial buildings on ways to reduce levels of radon in the atmosphere.
650 ## - SUBJECT ADDED ENTRY--TOPICAL TERM
Topical term or geographic name entry element RADON
650 ## - SUBJECT ADDED ENTRY--TOPICAL TERM
Topical term or geographic name entry element POLLUTION
690 ## - LOCAL SUBJECT ADDED ENTRY--TOPICAL TERM (OCLC, RLIN)
Topical term or geographic name as entry element ENVIRONMENTAL AND LAND CONSULTANCY
942 ## - ADDED ENTRY ELEMENTS (KOHA)
Suppress in OPAC 0
Holdings
Withdrawn status Lost status Source of classification or shelving scheme Damaged status Not for loan Home library Current library Shelving location Date acquired Total Checkouts Full call number Barcode Date last seen Copy number Price effective from Koha item type
    Dewey Decimal Classification     London London Journal article 09/11/1999   ABS61099 101649-1001 06/08/2019 1 06/08/2019 Journal article